[Event "Tata Steel-A 81st"]
[Site "Wijk aan Zee"]
[Date "2019.01.25"]
[Round "11"]
[White "Kramnik, Vladimir"]
[Black "Van Foreest, Jorden"]
[Result "1-0"]
[WhiteElo "2777"]
[BlackElo "2612"]
[Annotator "Yermolinsky,Alex "]
[PlyCount "131"]
[EventDate "2019.01.12"]
[EventType "tourn"]
[EventRounds "13"]
[EventCountry "NED"]
[EventCategory "21"]
[SourceTitle "CBM 188"]
[Source "ChessBase"]
[SourceDate "2018.12.21"]
[SourceVersion "1"]
[SourceVersionDate "2018.12.21"]
[SourceQuality "1"]

1. Nf3 d5 2. g3 Nf6 3. Bg2 c5 4. O-O Nc6 5. d3 e5 6. Qe1 {Kings Indian with colors reversed.} Be7 7. e4 d4 $5 {Give Jorden credit for entering a full fight against his still formidable opponent.} (7... dxe4 8. dxe4 Be6 {would be easier to play for both sides.}) 8. a4 {Now Black needs to be able to figurte out which system of many he can choose benefits the least from that extra tempo.} O-O ({A Petrosian treatment, anyone?} 8... Bg4 9. h3 Bh5) 9. Na3 Ne8 $146 ({RR} 9... Be6 10. Ng5 Bd7 11. f4 Ne8 12. Nf3 f6 13. Nc4 Qc7 14. Nh4 Nd6 15. Nxd6 Bxd6 16. Bd2 b6 17. Qe2 a6 18. b3 b5 19. fxe5 Bxe5 20. axb5 axb5 21. Nf5 Rxa1 22. Rxa1 c4 23. bxc4 bxc4 24. Qg4 {Gu,T (2197)-Guo,Q (2396) Shenzhen 2017 ½-½ (48)}) 10. Nc4 Qc7 11. b3 b6 12. Bd2 Be6 13. Qe2 f6 14. Nh4 Nd6 15. f4 Rae8 (15... Nxc4 16. bxc4 exf4 17. gxf4 Rae8 18. Kh1 Nb4 19. f5 {with the same idea, Ng6 as in the game.}) 16. f5 Bd7 17. Ng6 Rf7 18. Qh5 Bd8 19. g4 Ne7 {[#]} 20. Rf3 ({Computers sho the ridiculous} 20. Nxd6 Qxd6 21. Nh8 $3 {whixh forces Black to lose the exchange, otherwise} Rff8 22. Rf3 Kxh8 23. Rh3 Kg8 24. Qxh7+ Kf7 25. Qh5+ Kg8 26. Bf3 {steamrolls him.}) 20... Nxg6 21. fxg6 hxg6 22. Qxg6 Nxc4 23. bxc4 Qc8 24. Rg3 Be6 25. Rf1 Qd7 26. Bf3 Qxa4 27. Bd1 Qd7 28. Rh3 Kf8 29. Rh7 Ke7 30. Rxg7 Rxg7 31. Qxg7+ Kd6 32. Qxd7+ Bxd7 {A very complex ending has been reached. For a while both players did well enough to keep it within the bounds of equality.} 33. Kg2 a5 34. h4 a4 35. Bc1 Be7 36. Kg3 Ra8 37. Ba3 Rg8 38. Be2 Bd8 39. h5 Be8 40. Kh3 Rh8 41. Bc1 Be7 42. Bd2 Bd7 43. Kg3 Ra8 44. Rb1 {[#]} b5 {An interesting winning attempt.} (44... Kc7 $11) 45. cxb5 a3 46. b6 a2 47. Ra1 Kc6 48. g5 $1 {excellent from Vlad. Finally he gets to activate his LSB} fxg5 49. Bg4 Be8 $2 {A little too much.} (49... Bxg4 50. Kxg4 Kxb6 51. h6 Bf6 52. Bxg5 Bh8 53. Kf5 Ra7 54. Kg6 Kb5 55. Bd2 {boils down to a draw, as neither side can queen their pawn.}) 50. Be6 $1 $18 Kxb6 51. Kg4 c4 52. h6 cxd3 53. cxd3 Bb5 54. Rxa2 Rxa2 55. Bxa2 Bxd3 56. Kf5 Bf8 57. h7 Bg7 58. Bxg5 Bc2 59. Bd5 {Last preparation before the king march.} d3 60. Kg6 Bh8 61. Kf7 Kc5 62. Kg8 Bf6 63. Bxf6 d2 64. h8=Q d1=Q 65. Kf7 Bd3 66. Qh2 1-0

[Event "Gibraltar Masters 17th"]
[Site "Caleta"]
[Date "2019.01.30"]
[Round "9"]
[White "Artemiev, Vladislav"]
[Black "Navara, David"]
[Result "1-0"]
[WhiteElo "2709"]
[BlackElo "2738"]
[PlyCount "73"]
[EventDate "2019.01.22"]
[EventType "swiss"]
[EventRounds "10"]
[EventCountry "GGB"]
[SourceTitle "CBM 188 Extra"]
[Source "ChessBase"]
[SourceDate "2019.02.26"]
[SourceVersion "1"]
[SourceVersionDate "2019.02.26"]
[SourceQuality "1"]

1. Nf3 Nf6 2. g3 g6 3. b3 d5 4. Bb2 c5 5. Bg2 Bg7 6. c4 d4 7. b4 O-O 8. bxc5 Ne4 9. O-O Nxc5 10. d3 e5 11. Ba3 Nba6 12. Nfd2 $146 ({RR} 12. Nbd2 Re8 13. Rb1 Bd7 14. Qc1 Bc6 15. h4 Qa5 16. Ng5 Bh6 17. Bxc6 bxc6 18. Bxc5 Nxc5 19. Qc2 Rab8 20. Nge4 Bxd2 21. Nxd2 Qc3 22. Rfc1 Qxc2 23. Rxc2 Rxb1+ 24. Nxb1 Rb8 25. Nd2 a5 26. Kg2 Na4 {Hausrath,D (2475)-Svane,F (2423) Playchess.com INT 2020 1-0 (69)}) ({RR} 12. Nbd2 Re8 13. Rb1 Bd7 14. Qc1 Bc6 15. h4 Qa5 16. Ng5 Bh6 17. Bxc6 bxc6 18. Bxc5 Nxc5 19. Qc2 Rab8 20. Nge4 Bxd2 21. Nxd2 Qc3 22. Rfc1 Qxc2 23. Rxc2 Rxb1+ 24. Nxb1 Rb8 25. Nd2 a5 26. Kg2 Na4 {Hausrath,D (2475)-Svane,F (2423) Playchess.com INT 2020 1-0 (69)}) 12... Re8 13. Ne4 Bf8 14. Nxc5 Nxc5 15. Nd2 Rb8 16. Rb1 b6 17. Bxc5 Bxc5 18. Qa4 Bg4 19. Bf3 Bh3 20. Qxa7 Bxf1 21. Kxf1 Re7 22. Qa4 Qd7 23. Rb5 Qa7 24. Qb3 Kg7 25. a4 Ra8 26. Bxa8 Qxa8 27. f3 Ra7 28. Ne4 Rxa4 29. Nxc5 bxc5 30. Rxc5 Ra3 31. Qb4 Ra4 32. Qb6 Ra1+ 33. Kf2 e4 34. Rd5 e3+ 35. Kg2 Qa7 36. Qxa7 Rxa7 37. f4 1-0

[Event "Titled Tuesday intern op 2nd Febr"]
[Site "Chess.com INT"]
[Date "2019.02.05"]
[Round "3"]
[White "Grischuk, Alexander"]
[Black "Donchenko, Alexander"]
[Result "1-0"]
[WhiteElo "2771"]
[BlackElo "2600"]
[PlyCount "47"]
[EventDate "2019.02.05"]
[EventType "swiss (blitz)"]
[EventRounds "10"]
[EventCountry "USA"]
[SourceTitle "EXT 2021"]
[Source "ChessBase"]
[SourceDate "2020.10.23"]
[SourceVersion "1"]
[SourceVersionDate "2020.10.23"]
[SourceQuality "1"]

1. Nf3 Nf6 2. g3 b6 3. Bg2 Bb7 4. O-O g6 5. d3 Bg7 6. e4 O-O 7. Re1 c5 8. Nbd2 ({RR} 8. Nc3 d6 9. a4 Nc6 10. Bf4 Nd7 11. Qd2 Nd4 12. Nxd4 cxd4 13. Nb5 a6 14. Na3 Qc7 15. Bh6 Rac8 16. Bxg7 Kxg7 17. f4 e5 18. Nc4 b5 19. axb5 axb5 20. Na5 Nc5 21. Rf1 f6 22. Qb4 Qb6 {Petrosian,T (2613)-Andreikin,D (2702) Chess.com INT 2018 1-0 (52)}) 8... d6 9. c3 ({RR} 9. Nf1 Nbd7 10. c3 b5 11. Ne3 a6 12. Bd2 Qc7 13. Rc1 Bc6 14. h3 Qb7 15. Ng4 Nxg4 16. hxg4 Ne5 17. Nxe5 dxe5 18. Bf1 Rfd8 19. Qf3 c4 20. Rcd1 cxd3 21. Bxd3 Rd7 22. Bc2 Rad8 23. Bc1 Bf8 {Gibala,A (2226)-Ahmad,K (2406) chess.com INT 2024 0-1 (33)}) 9... Nc6 10. a3 Qd7 $146 ({RR} 10... Nd7 11. Nf1 b5 12. Be3 a5 13. Qd2 Re8 14. Bh6 Bh8 15. a4 b4 16. Ne3 bxc3 17. bxc3 Rb8 18. h4 Ba6 19. Reb1 e6 20. h5 Qf6 21. d4 Rxb1+ 22. Rxb1 gxh5 23. Bg5 Qg6 24. d5 exd5 25. Nxd5 {Wengholm,A (2209)-Johansson,L (2448) Vaxjo 2017 0-1 (58)}) 11. d4 d5 12. exd5 Nxd5 13. dxc5 Rfd8 14. cxb6 axb6 15. Qb3 Na5 16. Qc2 Rac8 17. Ne5 Qd6 18. Ndf3 f6 19. Nxg6 hxg6 20. Qxg6 f5 21. Re6 Nxc3 22. Bh6 Ne2+ 23. Kf1 Nxg3+ 24. hxg3 1-0

[Event "Titled Tuesday intern op 2nd Febr"]
[Site "Chess.com INT"]
[Date "2019.02.05"]
[Round "3"]
[White "Maghsoodloo, Parham"]
[Black "Beshirli, Nail"]
[Result "1-0"]
[WhiteElo "2666"]
[BlackElo "2679"]
[PlyCount "103"]
[EventDate "2019.02.05"]
[EventType "swiss (blitz)"]
[EventRounds "10"]
[EventCountry "USA"]
[SourceTitle "EXT 2021"]
[Source "ChessBase"]
[SourceDate "2020.10.23"]
[SourceVersion "1"]
[SourceVersionDate "2020.10.23"]
[SourceQuality "1"]

1. Nf3 c5 2. g3 Nc6 3. Bg2 g6 4. O-O Bg7 5. c3 e5 6. d3 Nge7 7. a3 O-O 8. b4 d6 9. Bb2 h6 10. Nbd2 Be6 11. e4 Qd7 12. b5 ({RR} 12. Nb3 b6 13. d4 exd4 14. cxd4 c4 15. Nc1 d5 16. e5 b5 17. Ne2 a5 18. Qd2 Bf5 19. Nf4 Be4 20. Bc3 axb4 21. axb4 Nf5 22. Rxa8 Rxa8 23. Ne1 Bxg2 24. Nexg2 Ra3 25. Ne3 Nce7 26. Ra1 Rxa1+ {Aravindh,C (2718)-Martinez Alcantara,J (2598) chess.com INT 2024 0-1 (60)}) 12... Nd8 13. a4 f5 14. d4 fxe4 $146 ({RR} 14... f4 15. dxc5 dxc5 16. c4 Nf7 17. Nb3 Qc7 18. Qc2 g5 19. Rfd1 Ng6 20. a5 b6 21. axb6 axb6 22. Nbd2 g4 23. Ne1 Ng5 24. Rxa8 Rxa8 25. Ra1 Rd8 26. Nd3 h5 27. Bf1 h4 28. Ra6 Bf7 29. Qa4 {Deglmann,L (2240)-Schlosser,P (2515) Passau 1998 0-1 (38)}) 15. Nxe4 b6 16. dxe5 d5 17. Nf6+ Bxf6 18. exf6 Rxf6 19. c4 d4 20. Nxd4 cxd4 21. Bxa8 Nf5 22. Re1 Nf7 23. Rxe6 Qxe6 24. Bd5 Qe5 25. Qd2 Rd6 26. Re1 Qf6 27. h4 h5 28. Qf4 Kh7 29. Ba3 Kg7 30. Bxf7 Kxf7 31. Bxd6 Nxd6 32. Qe5 Qxe5 33. Rxe5 Nxc4 34. Rd5 Nd2 35. Kg2 Nb3 36. Kf3 Ke7 37. Ke4 Nc5+ 38. Kxd4 Nxa4 39. f3 Nc5 40. g4 hxg4 41. fxg4 Ke6 42. Rd8 a5 43. bxa6 Nxa6 44. Rg8 Kf7 45. Rc8 Nc5 46. Rc6 Nd7 47. g5 b5 48. Kd5 b4 49. Rc7 Ke8 50. Ke6 Nf8+ 51. Kf6 b3 52. Rc8+ 1-0

[Event "Titled Tuesday intern op 2nd Febr"]
[Site "Chess.com INT"]
[Date "2019.02.05"]
[Round "10"]
[White "Gukesh, Dommaraju"]
[Black "Ali Marandi, Cemil Can"]
[Result "1-0"]
[WhiteElo "2508"]
[BlackElo "2525"]
[PlyCount "69"]
[EventDate "2019.02.05"]
[EventType "swiss (blitz)"]
[EventRounds "10"]
[EventCountry "USA"]
[SourceTitle "EXT 2021"]
[Source "ChessBase"]
[SourceDate "2020.10.23"]
[SourceVersion "1"]
[SourceVersionDate "2020.10.23"]
[SourceQuality "1"]

1. Nf3 d5 2. g3 Bg4 3. Bg2 Nd7 4. O-O e6 5. h3 Bh5 6. d4 Bd6 7. c4 c6 8. Qb3 ({RR} 8. cxd5 exd5 9. Bf4 Bxf4 10. gxf4 Qf6 11. e3 Ne7 12. Nbd2 O-O 13. Qb3 Nb6 14. a4 Rab8 15. a5 Nd7 16. Rac1 Nf5 17. a6 bxa6 18. Qa4 Rb6 19. Rc2 Bg6 20. Rc3 Ne7 21. Rfc1 Rxb2 22. Qxa6 Ra8 {Suleymanli,S (2226)-Holt,C (2540) chess.com INT 2024 1-0 (31)}) 8... Rb8 9. Nc3 Ne7 $146 ({RR} 9... Ngf6 10. Nd2 Bg6 11. e4 dxe4 12. Ndxe4 Nxe4 13. Nxe4 Bxe4 14. Bxe4 O-O 15. Be3 Nf6 16. Bf3 Qa5 17. Rad1 h6 18. Rfe1 Rfc8 19. a3 b5 20. c5 Bf8 21. Bf4 Ra8 22. g4 Nd5 23. Bg3 Rd8 24. h4 {Royal,S (2427)-Fus,J (2417) Przeworsk POL 2023 1-0 (59)}) ({RR} 9... Ngf6 10. Nd2 Bg6 11. e4 dxe4 12. Ndxe4 Nxe4 13. Nxe4 Bxe4 14. Bxe4 O-O 15. Be3 Nf6 16. Bf3 Qa5 17. Rad1 h6 18. Rfe1 Rfc8 19. a3 b5 20. c5 Bf8 21. Bf4 Ra8 22. g4 Nd5 23. Bg3 Rd8 24. h4 {Royal,S (2427)-Fus,J (2417) Przeworsk POL 2023 1-0 (59)}) 10. e4 O-O 11. cxd5 exd5 12. exd5 cxd5 13. Nxd5 Nxd5 14. Qxd5 Nf6 15. Qb3 Re8 16. Be3 Ne4 17. Rfe1 Qf6 18. Ne5 Ng5 19. f4 Ne6 20. Nd7 Qg6 21. g4 Bxg4 22. hxg4 Rbd8 23. f5 Qxg4 24. fxe6 Rxe6 25. Ne5 Bxe5 26. dxe5 Rg6 27. Qc2 h5 28. Rad1 Rc8 29. Qe2 Qg3 30. Qf2 Qg4 31. Rd4 Qe6 32. Rd6 Qg4 33. Rxg6 Qxg6 34. Rc1 Rd8 35. Kh2 1-0

[Event "Moscow Aeroflot op-A 18th"]
[Site "Moscow"]
[Date "2019.02.22"]
[Round "3"]
[White "Zvjaginsev, Vadim"]
[Black "Lobanov, Sergei"]
[Result "1-0"]
[WhiteElo "2642"]
[BlackElo "2526"]
[PlyCount "65"]
[EventDate "2019.02.20"]
[EventType "swiss"]
[EventRounds "9"]
[EventCountry "RUS"]
[SourceTitle "CBM 189"]
[Source "ChessBase"]
[SourceDate "2019.04.29"]
[SourceVersion "1"]
[SourceVersionDate "2019.04.29"]
[SourceQuality "1"]

1. Nf3 d5 2. g3 Nf6 3. Bg2 c6 4. O-O Bg4 5. d3 Nbd7 6. h3 Bh5 7. Bf4 ({RR} 7. Qe1 e5 8. e4 Bd6 9. exd5 Bxf3 10. Bxf3 Nxd5 11. Nc3 Nxc3 12. bxc3 O-O 13. Rb1 Qc7 14. Bg2 Rae8 15. a4 Kh8 16. a5 f5 17. c4 f4 18. Be4 Nc5 19. Bd2 Qe7 20. Qe2 Rf6 21. g4 Rh6 {Movsesian,S (2723)-Grischuk,A (2728) Moscow 2008 1-0 (43)}) 7... Bxf3 ({RR} 7... e6 8. g4 Bg6 9. Nbd2 Bc5 10. e3 Qe7 11. Qe2 h6 12. e4 dxe4 13. dxe4 O-O 14. Bg3 e5 15. Nh4 Rfe8 16. Qc4 Bh7 17. Nf5 Qe6 18. Rfe1 Bf8 19. Qxe6 Rxe6 20. Bf1 Nc5 21. f3 b5 22. b3 {Zvjaginsev,V (2614)-Kobalia,M (2587) Moscow 2021 ½-½ (44)}) 8. exf3 e6 ({RR} 8... Qb6 9. b3 e5 10. Be3 Bc5 11. Re1 O-O 12. Bxc5 Qxc5 13. Qd2 a5 14. Nc3 Rfe8 15. h4 b5 16. Bh3 b4 17. Na4 Qd4 18. Rac1 Nc5 19. Nxc5 Qxc5 20. c3 Qb6 21. Re2 e4 22. fxe4 dxe4 23. cxb4 {Llaneza Vega,M (2404)-Altun,A (2204) Ankara TUR 2023 1-0 (37)}) 9. Be3 $146 ({RR} 9. Re1 Be7 10. Nd2 Qb6 11. Rb1 Bc5 12. Be3 a5 13. Bxc5 Qxc5 14. c3 b5 15. f4 O-O 16. g4 g6 17. Nf3 b4 18. d4 Qd6 19. Ne5 Kg7 20. c4 dxc4 21. Nxc4 Qxf4 22. Ne5 Nxe5 23. dxe5 Nd5 {Olsen,M (2070)-Sjodahl,P (2425) Helsingor 2015 0-1 (44)}) ({RR} 9. Re1 Bb4 10. c3 Ba5 11. Bd6 Bc7 12. Ba3 Nb6 13. f4 g6 14. Qf3 Bd6 15. f5 e5 16. Bxd6 Qxd6 17. Qf4 O-O 18. Rxe5 Rae8 19. Rxe8 Nxe8 20. Qxd6 Nxd6 21. fxg6 hxg6 22. a4 a5 23. Nd2 Re8 {Bettalli,M-Lotti,F Siena 1998 ½-½ (58)}) 9... Bd6 10. f4 O-O 11. Nd2 c5 12. Nf3 b5 13. c4 Rb8 14. b3 Qc7 15. Rc1 Rfc8 16. Re1 Bf8 17. Bd2 g6 18. h4 a6 19. Ng5 Re8 20. h5 Qd6 21. hxg6 hxg6 22. Bc3 Rbc8 23. Be5 Qb6 24. cxd5 Nxd5 25. Bxd5 exd5 26. Qg4 Nxe5 27. Rxe5 Rxe5 28. fxe5 Qb7 29. Qh3 Bg7 30. e6 f6 31. e7 fxg5 32. Qe6+ Kh7 33. Kg2 1-0

[Event "Moscow Aeroflot op-A 18th"]
[Site "Moscow"]
[Date "2019.02.23"]
[Round "4"]
[White "Tabatabaei, Mohammad Amin"]
[Black "Kobalia, Mihail"]
[Result "1-0"]
[WhiteElo "2590"]
[BlackElo "2627"]
[PlyCount "65"]
[EventDate "2019.02.20"]
[EventType "swiss"]
[EventRounds "9"]
[EventCountry "RUS"]
[SourceTitle "CBM 189"]
[Source "ChessBase"]
[SourceDate "2019.04.29"]
[SourceVersion "1"]
[SourceVersionDate "2019.04.29"]
[SourceQuality "1"]

1. Nf3 d5 2. g3 Nf6 3. Bg2 c6 4. O-O Bg4 5. h3 Bh5 6. d4 e6 7. c4 Be7 8. Nc3 Nbd7 9. Ne5 Nxe5 ({RR} 9... Bg6 10. Nxg6 hxg6 11. Qd3 O-O 12. Rd1 a6 13. a4 a5 14. Bf3 Re8 15. Bg5 Nb8 16. e3 Na6 17. Qe2 Nb4 18. Rac1 Nd7 19. Bxe7 Qxe7 20. b3 Rad8 21. Bg2 Nf6 22. f4 b6 23. Kh1 dxc4 24. bxc4 {Panda,S (2391)-Koustuv,D (2131) Bengaluru IND 2025 0-1 (56)}) 10. dxe5 Nd7 11. cxd5 exd5 $146 ({RR} 11... cxd5 12. f4 h6 13. Kh2 O-O 14. Be3 Bc5 15. Bxc5 Nxc5 16. Qd4 Qb6 17. f5 f6 18. fxe6 Nxe6 19. Qh4 Qxb2 20. Qxh5 Qxc3 21. Bxd5 Rae8 22. exf6 Rf7 23. Rac1 Qe3 24. fxg7 Rfe7 25. Qg6 Qxe2+ 26. Kh1 {Liang,A (2599)-Mulyar,M (2382) Greensboro 2019 1-0}) 12. f4 f5 13. Be3 O-O 14. Rc1 Kh8 15. Kh2 g5 16. Qd2 gxf4 17. gxf4 Rg8 18. Rg1 Qf8 19. Bd4 Bc5 20. b4 Bxd4 21. Qxd4 Qh6 22. Bxd5 cxd5 23. Nxd5 Bg4 24. Rg3 Rg7 25. e6 Nf8 26. e7 Ng6 27. Nc7 Nxe7 28. Nxa8 Nc6 29. Qf2 Qh4 30. Kg1 Re7 31. hxg4 Rxe2 32. Qxe2 Qxg3+ 33. Kh1 1-0

[Event "Moscow Aeroflot op-A 18th"]
[Site "Moscow"]
[Date "2019.02.23"]
[Round "5"]
[White "Grachev, Boris V"]
[Black "Lobanov, Sergei"]
[Result "1-0"]
[WhiteElo "2626"]
[BlackElo "2526"]
[PlyCount "37"]
[EventDate "2019.02.20"]
[EventType "swiss"]
[EventRounds "9"]
[EventCountry "RUS"]
[SourceTitle "CBM 189"]
[Source "ChessBase"]
[SourceDate "2019.04.29"]
[SourceVersion "1"]
[SourceVersionDate "2019.04.29"]
[SourceQuality "1"]

1. Nf3 {Ramirez Alvarez,Alejandro} d5 2. e3 c5 3. b3 Nc6 4. Bb5 Nf6 5. Ba3 $146 ({RR} 5. Ne5 Qc7 6. Bb2 e6 7. O-O Bd6 8. f4 a6 9. Bxc6+ bxc6 10. d3 O-O 11. Rf3 Nd7 12. Rh3 f6 13. Nxd7 Qxd7 14. Qh5 g6 15. Qh6 Qg7 16. Qh4 e5 17. Rf3 Be6 18. Nd2 exf4 19. exf4 a5 {Albin,A-Pillsbury,H Monte Carlo 1902 0-1 (45)}) ({RR} 5. Bxc6+ bxc6 6. Bb2 e6 7. d3 Bd6 8. c4 O-O 9. Nc3 e5 10. e4 d4 11. Ne2 Nh5 12. Ng3 Nf4 13. O-O g6 14. Bc1 Ne6 15. Bh6 Re8 16. Qd2 f6 17. Kh1 a5 18. h3 Qe7 19. Qd1 Nd8 {Nakamura,H (2776)-Karjakin,S (2760) Zuerich 2015 CBM 164 Extra [Ramirez Alvarez,Alejandro] 1-0}) ({RR} 5. Bxc6+ bxc6 6. Bb2 Bf5 7. Ne5 Qc7 8. O-O e6 9. d3 Bd6 10. f4 h5 11. Nd2 Ng4 12. Nxg4 Bxg4 13. Qe1 f6 14. h3 Bf5 15. e4 Bh7 16. Qh4 O-O-O 17. Rf3 g5 18. fxg5 fxg5 19. Qxg5 Rdg8 {Dobrocmyslov,A (2280)-Tamarozi,I (1994) chess.com INT 2025 1-0 (32)}) ({RR} 5. Bxc6+ bxc6 6. Bb2 Qd6 7. Ne5 Nd7 8. f4 d4 9. Nc4 Qd5 10. O-O Ba6 11. d3 f5 12. e4 fxe4 13. dxe4 Qe6 14. Nbd2 O-O-O 15. Qe2 g6 16. Nd6+ Qxd6 17. Qxa6+ Kb8 18. Nc4 Qc7 19. Na5 Rc8 {Koshnitsky,G-Sayers,J Melbourne 1930 1-0 (49)}) 5... e6 6. Bxc6+ bxc6 7. Nc3 Bd6 8. Na4 Qe7 9. d4 Nd7 10. O-O cxd4 11. Bxd6 Qxd6 12. exd4 c5 13. c4 Bb7 14. dxc5 Nxc5 15. b4 Nxa4 16. Qxa4+ Bc6 17. Qa6 Qc7 18. Nd4 Bb7 19. Nb5 1-0

[Event "Moscow Aeroflot op-A 18th"]
[Site "Moscow"]
[Date "2019.02.27"]
[Round "9"]
[White "Zvjaginsev, Vadim"]
[Black "Santos Ruiz, Miguel"]
[Result "1-0"]
[WhiteElo "2642"]
[BlackElo "2554"]
[PlyCount "119"]
[EventDate "2019.02.20"]
[EventType "swiss"]
[EventRounds "9"]
[EventCountry "RUS"]
[SourceTitle "CBM 189"]
[Source "ChessBase"]
[SourceDate "2019.04.29"]
[SourceVersion "1"]
[SourceVersionDate "2019.04.29"]
[SourceQuality "1"]

1. Nf3 d5 2. g3 g6 3. Bg2 Bg7 4. O-O e5 5. d3 Ne7 6. c4 c6 7. Nc3 O-O 8. Rb1 ({RR} 8. Qb3 h6 9. Bd2 Kh7 10. Rfd1 d4 11. Na4 Nd7 12. e3 dxe3 13. Bxe3 Nf5 14. Bd2 Nd4 15. Nxd4 exd4 16. Re1 Ne5 17. Bf4 Re8 18. Bxe5 Rxe5 19. Rxe5 Bxe5 20. Re1 Bg7 21. Qb4 Bf8 22. Qd2 Bf5 {Nakamura,H (2788)-Goryachkina,A (2553) chess.com INT 2024 1-0 (49)}) ({RR} 8. Bd2 h6 9. Qb3 Na6 10. cxd5 cxd5 11. Rac1 Nc5 12. Qa3 b6 13. Rfd1 Bb7 14. Be1 d4 15. Ne4 Nxe4 16. dxe4 Re8 17. b4 Nc8 18. Nd2 Nd6 19. Nc4 Nxe4 20. Qd3 f5 21. Nd2 Nd6 22. Bxb7 Nxb7 {Zvjaginsev,V (2644)-Sebag,M (2445) Douglas 2019 ½-½ (47)}) 8... h6 9. e4 d4 10. Ne2 a5 $146 ({RR} 10... f5 11. Nd2 f4 12. f3 g5 13. b4 h5 14. b5 c5 15. Nb3 Qd6 16. a4 a6 17. b6 a5 18. Ba3 Na6 19. Nxc5 Nxc5 20. Rb5 Nxe4 21. Bxd6 Nxd6 22. Rb1 Ndf5 23. Qd2 Ne3 24. Rf2 Nc6 25. Rb5 {Nanu,C (2525)-Sokolovsky,Y (2486) chess.com INT 2024 1-0 (49)}) ({RR} 10... f5 11. Nd2 f4 12. f3 g5 13. b4 h5 14. b5 c5 15. Nb3 Qd6 16. a4 a6 17. b6 a5 18. Ba3 Na6 19. Nxc5 Nxc5 20. Rb5 Nxe4 21. Bxd6 Nxd6 22. Rb1 Ndf5 23. Qd2 Ne3 24. Rf2 Nc6 25. Rb5 {Nanu,C (2525)-Sokolovsky,Y (2486) chess.com INT 2024 1-0 (49)}) 11. Nh4 g5 12. Nf3 f5 13. exf5 Bxf5 14. h4 e4 15. Ne1 exd3 16. Nxd3 Ng6 17. hxg5 hxg5 18. b4 Ne5 19. Nxe5 Bxb1 20. Nd3 axb4 21. Bxg5 Qxg5 22. Qxb1 Qd2 23. Nef4 Rxa2 24. Bh3 Rxf4 25. Nxf4 d3 26. Nxd3 Ra1 27. Qxb4 Rxf1+ 28. Bxf1 Qxb4 29. Nxb4 Nd7 30. Kg2 Nc5 31. f4 Bc3 32. Nc2 Ne6 33. Ne3 Nd4 34. Kf2 b5 35. Bd3 b4 36. Nf5 Ne6 37. Ne7+ Kf7 38. Nxc6 Nc5 39. Bb1 b3 40. Ke2 Na4 41. Na7 Bb4 42. Nb5 Nb6 43. Kd3 Be1 44. Nd6+ Ke6 45. Ne4 Kf5 46. c5 Nd5 47. Kc4 Ne3+ 48. Kxb3 Ke6 49. c6 Ke7 50. Ka4 Kd8 51. Kb5 Kc7 52. Kc5 Nf5 53. g4 Ne7 54. f5 Nxc6 55. Kd5 Nd8 56. g5 Kd7 57. g6 Ke8 58. f6 Bh4 59. Ba2 Kf8 60. g7+ 1-0

[Event "Saint Louis Champions Showdown blitz"]
[Site "Saint Louis"]
[Date "2019.02.23"]
[Round "12.1"]
[White "Caruana, Fabiano"]
[Black "Harikrishna, Pentala"]
[Result "1-0"]
[WhiteElo "2828"]
[BlackElo "2726"]
[PlyCount "62"]
[EventDate "2019.02.23"]
[EventType "match (blitz)"]
[EventRounds "24"]
[EventCountry "USA"]
[SourceTitle "CBM 189 Extra"]
[Source "ChessBase"]
[SourceDate "2019.06.03"]
[SourceVersion "1"]
[SourceVersionDate "2019.06.03"]
[SourceQuality "1"]

1. Nf3 d5 2. c4 dxc4 3. Na3 Nf6 4. Nxc4 c5 5. g3 Nc6 6. Bg2 Be6 ({RR} 6... g6 7. O-O Bg7 8. Rb1 O-O 9. a3 Be6 10. d3 Rc8 11. b4 cxb4 12. axb4 b5 13. Ne3 Nd5 14. Nxd5 Bxd5 15. Bb2 e5 16. Ba1 Qe7 17. Qd2 Rfd8 18. Qb2 Bxf3 19. Bxf3 Nd4 20. Qa3 Nxf3+ 21. exf3 {Ponkratov,P (2630)-Salgado Lopez,I (2629) St Petersburg 2018 ½-½ (44)}) ({RR} 6... g6 7. O-O Bg7 8. d3 O-O 9. a4 Be6 10. Bd2 Bxc4 11. dxc4 Qb6 12. Bc3 Rfd8 13. a5 Qc7 14. Qa4 Nd4 15. Nxd4 cxd4 16. Bd2 Rac8 17. Rfc1 Nd7 18. Qb5 Rb8 19. b4 d3 20. exd3 Bxa1 21. Rxa1 {Milchev,N (2362)-Ruiz Vazquez,J (2237) chess.com INT 2024 ½-½ (64)}) 7. b3 Bd5 $146 ({RR} 7... Bxc4 8. bxc4 e5 9. O-O e4 10. Ng5 Qd4 11. Rb1 h6 12. Qb3 Rb8 13. Bb2 Qxd2 14. Nxe4 Nxe4 15. Bxe4 Qd6 16. Rfd1 Qc7 17. Qa4 Rd8 18. Be5 Rxd1+ 19. Rxd1 Qxe5 20. Bxc6+ Ke7 21. Rd3 Qa1+ 22. Kg2 {Rohde,M (2550)-Comp Fidelity Mach 4 Cambridge 1991 1-0 (32)}) 8. O-O g6 9. Bb2 Bg7 10. Rc1 b6 11. Ne3 O-O 12. Bxf6 Bxf6 13. Nxd5 Qxd5 14. d4 Qd6 15. dxc5 bxc5 16. Nd2 Rad8 17. Ne4 Qxd1 18. Rfxd1 Rxd1+ 19. Rxd1 Nb4 20. a4 Rc8 21. Rd7 a6 22. Rb7 Kf8 23. e3 Be5 24. Bf1 f5 25. Ng5 h6 26. Ne6+ Kf7 27. Bc4 Kf6 28. Rb6 Bd6 29. a5 Rb8 30. Nxc5 Rxb6 31. Nd7+ Kg7 1-0

[Event "Saint Louis Champions Showdown blitz"]
[Site "Saint Louis"]
[Date "2019.02.23"]
[Round "12.2"]
[White "Nakamura, Hikaru"]
[Black "Duda, Jan Krzysztof"]
[Result "1-0"]
[WhiteElo "2749"]
[BlackElo "2731"]
[PlyCount "61"]
[EventDate "2019.02.23"]
[EventType "match (blitz)"]
[EventRounds "24"]
[EventCountry "USA"]
[SourceTitle "CBM 189 Extra"]
[Source "ChessBase"]
[SourceDate "2019.06.03"]
[SourceVersion "1"]
[SourceVersionDate "2019.06.03"]
[SourceQuality "1"]

1. Nf3 f5 2. d3 Nf6 3. e4 fxe4 4. dxe4 Nxe4 5. Bd3 Nf6 6. Ng5 d6 7. Bxh7 Nxh7 ({RR} 7... Rxh7 8. Nxh7 Bf5 9. Nxf6+ exf6 10. O-O Nc6 11. Re1+ Kf7 12. Qd5+ Kg6 13. h4 Ne5 14. Qxb7 Rb8 15. Qxa7 c5 16. Qa4 Rb4 17. Qa3 Rxh4 18. Nd2 d5 19. Nf3 Nxf3+ 20. Qxf3 Bd6 21. Bd2 Bg4 22. Qd3+ {Vidyarthi,O (2084)-Medhus,V (2310) chess.com INT 2024 1-0 (36)}) 8. Qh5+ Kd7 9. Qg4+ $146 ({RR} 9. Nxh7 c6 10. Nf6+ exf6 11. Qxh8 d5 12. O-O Na6 13. Bf4 Nc5 14. Re1 Ne6 15. Qh3 Qe7 16. Nc3 Kd8 17. Bg3 Ng5 18. Qh8 Qc5 19. h4 Nf7 20. Qh5 Nd6 21. Rad1 Bd7 22. Nxd5 cxd5 23. Rxd5 Qc6 {Demidov,M (2523)-Swicarz,M (2341) Chess.com INT 2021 1-0}) 9... Ke8 10. Qh5+ Kd7 11. Nf7 Qe8 12. Qh3+ ({RR} 12. Qg4+ e6 13. Nxh8 Nf6 14. Qg3 Qe7 15. Nd2 Nc6 16. Nf3 e5 17. O-O e4 18. Re1 Qe6 19. Ng5 Qg8 20. Nxe4 Nxe4 21. Rxe4 Be7 22. Ng6 Bf6 23. Bg5 Kd8 24. Qh4 Be6 25. Bxf6+ gxf6 26. Qxf6+ Kd7 {Margolin,E (2232)-Zacurdajev,M (2264) Rybinsk 2004 1-0}) 12... Kc6 13. Qf3+ Kd7 ({RR} 13... Kb6 14. Nxh8 Nf6 15. Qb3+ Kc6 16. Nc3 a6 17. Be3 Qh5 18. Nf7 d5 19. Nd8+ Kd7 20. Nxb7 e6 21. f3 Qe5 22. Ne2 Nc6 23. Nc5+ Kd8 24. Bf4 Qf5 25. Nd3 e5 26. g4 Qe6 27. Bd2 Rb8 28. Qa4 {Bocharnikov,O (1948)-Leonov,D (2201) Moscow 2008 0-1}) 14. Nxh8 Nf6 15. Bg5 Nc6 16. Nc3 Ne5 17. Qe2 c6 18. f4 Nf7 19. Ng6 Kc7 20. Nxf8 Qxf8 21. O-O Bg4 22. Qe3 Bf5 23. Rae1 e6 24. Qe2 d5 25. h3 Qc5+ 26. Kh2 Nd6 27. Qe5 Rf8 28. Ne2 Ng4+ 29. hxg4 Rh8+ 30. Kg3 Kc8 31. Nd4 1-0